Clic Patrimoine immatériel de l'UNESCO - Quel pays en Afrique ? - Statistiques

Statistiques générales
  • Ce quiz a été pris 10 fois
  • Le résultat moyen est 2 sur 25
Statistiques - réponses
Hint Extra Hint Réponse % Correct
Le Raï Chant populaire Algérie
71%
La rumba *** Congo / Congo RD
29%
L'Epiphanie Fêtes Ethiopie
29%
La harissa Art culinaire Tunisie
29%
Les chants polyphoniques des pygmées Aka Centrafrique
14%
L'épopée T'heydinne Poèmes épiques Mauritanie
14%
Le mesque ljele Nigeria
14%
Le ceebu jen Art culinaire Sénégal
14%
Le Seperu Danse populaire Botswana
0%
La danse au tambour royal Burundi
0%
Le zaouli Musique et danse Côte d'ivoire
0%
Les marionnettes à gaine Egypte
0%
Le balafon sacré Instrument de musique Guinée
0%
Le Kabary Art oratoire Madagascar
0%
Le Vimbuza Danse de guérison Malawi
0%
La sortie des masques et marionnettes de Markala Mali
0%
La tbourida Représentation équestre Maroc
0%
Les musiques Séga 3 inscriptions Maurice
0%
Le Chopi Timbila Musique orchestrale Mozambique
0%
Le festival du fruit du marula Namibie
0%
La parenté à plaisanterie Pratique sociale Niger
0%
La fabrication des tissus d'écorce Ouganda
0%
Le moutya Danse traditionnelle Seychelles
0%
La mascarade Makishi Rituel de passage à l'âge adulte Zambie
0%
Le Mbende Jerusarema Danse Zimbabwe
0%
Aucun quiz correspondant
Distribution des résultats
% des personnes avec chaque résultat
Percentile par nombre de réponses
Votre historique - résultats
Vous n’avez pas pris ce quiz